| 000 | 00330 a2200133 4500 | ||
|---|---|---|---|
| 082 | _a297.1229 | ||
| 090 |
_c3373 _d3373 |
||
| 100 | _aM. Ghazali | ||
| 245 |
_aKemyay-e-Saadat _cM. Ghazali _h[Urdu] |
||
| 260 |
_aLahore: _bShabir Brothers, _c1993. |
||
| 300 |
_a884 p. ; _c25 cm. |
||
| 650 | _aIslamic ethics | ||
| 942 |
_cBK _k297.1229 GHA |
||
| 999 |
_c7284 _d7284 |
||